1483 1241 1356 1211 1654 2000 1064 1912 1701 1537 1324 1117 1080 1694 1592 1657 1088 1285 1006 1501 1623 1847 1731 1365 1577 1527 1779 1992 1366 1047 1251 1033 1604 1785 1815 1271 1787 1125 1877 1950 1393 1355 1119 1032 1031 1443 1786 1623 1796 1000 1694 1048 1389 1998 1665 1720 1422 1230 1422 1027 1343 1737 1949 1517 1767 1354 1789 1941 1576 1444 1884 1298 1239 1849 1792 1115 1347 1262 1211 1039 1297 1438 1796 1265 1315 1613 1874 1506 1440 1774 1230 1366 1741 1874 1408 1930 1306 1792 1747 BCNSPRNW ULIB Ver.6.0+V

เปลี่ยนเป็นภาษาไทย

Change to English
 แสดงรายละเอียดบรรณานุกรม
  กลับหน้าหลัก

Brief Record : Get Marc (ISO 2709) : E-mail record : QR code < ปิดหน้าต่าง
LEADER : 00000nam 2200000uu 4500
001    13399111287
003     ULIB
008    110622s2550||||th 000 0 tha d
020    9789748816654
060  4 QT104^bB111ร
100 3  Brenda Wapole
245 10 ร่างกายและจิตใจ=^bMind and Body/^cแปล:ปราการเกียรติ ยังคง
246 3  Mind and Body
250    พิมพ์ครั้งที่ 1
260    กรุงเทพฯ:^bปาเจรา,^c2550
300    48 หน้า:^bภาพประกอบสี
650  7 สรีรวิทยา
945    ^p195^l0^i15391
945    ^p195^l0^i15390
945    ^p195^l0^i15389
995    กัณชพร
999    ^aใช้งานได้ทุกระบบ
รายการนี้ยังไม่มีแท็ก
คุณยังไม่ได้ล็อกอิน คุณสามารถมีกิจกรรมร่วมกับเว็บไซต์ได้ แต่ต้องล็อกอินก่อน ::
  ล็อกอิน

รายการสื่อสารสนเทศ

ลำดับที่ ประเภท เลขเรียก/บาร์โค้ด สถานที่ สถานะ
1. วิทยาศาสตร์การแพทย์ และสุขภาพ
วิทยาศาสตร์การแพทย์ และสุขภาพ
QT104 B111ร  
  Barcode: 15389
ห้องสมุดวิทยาเขตสวรรค์ประชารักษ์
►ส่วนจัดเก็บหนังสือเก่า สปร
บนชั้น
  ขอยืม
2. วิทยาศาสตร์การแพทย์ และสุขภาพ
วิทยาศาสตร์การแพทย์ และสุขภาพ
QT104 B111ร ฉ.2 
  Barcode: 15390
ห้องสมุดวิทยาเขตสวรรค์ประชารักษ์
►ส่วนจัดเก็บหนังสือเก่า สปร
บนชั้น
  ขอยืม
3. วิทยาศาสตร์การแพทย์ และสุขภาพ
วิทยาศาสตร์การแพทย์ และสุขภาพ
QT104 B111ร ฉ.3 
  Barcode: 15391
ห้องสมุดวิทยาเขตสวรรค์ประชารักษ์
►ส่วนจัดเก็บหนังสือเก่า สปร
บนชั้น
  ขอยืม

รายการใกล้เคียง
    หัวเรื่อง [สรีรวิทยา]

BibComment


ยังไม่เคยถูกคอมเมนท์

คอมเมนท์ทรัพยากรรายการนี้
  คอมเมนท์: ร่างกายและจิตใจ M..


 Copyright 2026. Bcnsprnw @Library